000
00353nam a2200133Ia 4500
008
151001s9999||||xx |||||||||||||| ||und||
100
_a
प्र द मराठे
245
_a
रथ चालला पुढे
250
_a
1
260
_b
सरिता प्रकाशन पुणे
260
_c
1978
300
_a
142
365
_b
18
999
_c
960857
_d
960854